| 000 | 00920nam a22002537a 4500 | ||
|---|---|---|---|
| 005 | 20081004110540.0 | ||
| 008 | 081004t xxu||||| |||| 00| 0 eng d | ||
| 010 | _aENG-91260 | ||
| 020 |
_a9788183332804 _c195.00 |
||
| 035 | _aEN-74793 | ||
| 037 | _bDBAD / PUB | ||
| 040 |
_adpl _bEnglish |
||
| 082 | _a005.1 | ||
| 100 | _aKoirala, Shivprasad | ||
| 245 |
_aSoftware architecture interview questions / _cby Shivprasad Koirala [and] Sham Sheikh |
||
| 260 |
_aNew Delhi _bBPB Publications _c2008 |
||
| 270 |
_aB-14, Cannaught Place, _bNew Delh-110001 |
||
| 300 |
_axxx,195p. _c24 cm. (Pbk) _eCD-ROM |
||
| 650 | _aSoftware architecture | ||
| 650 | _aSystem design | ||
| 700 | _aSheikh, Sham | ||
| 942 |
_2ddc _cEN _mKOI _h005.1 |
||
| 999 |
_c16216 _d16216 |
||